Kryokonzervácia pre zachovanie fertility po chemo- a rádioterapii

Bibliographic Details
Main Author: (jen) (Author)
Format: Article
Language:Slovak
PhysicalDescription:Fotogr.
ISSN:1335-4477
Subjects:

MARC

LEADER 00000nab a2200000 a 4500
001 vtls008154178
003 SK-MaSNL
005 20260303080541.0
008 160329c2005 xo wrzp 0 0slo
015 |a SNBRB2005/05  |2 snkbucl 
040 |a SNKBUCL  |b slo  |c SNKBUCL  |e AACR2 
041 0 |a slo 
044 |a xo  |c SK 
080 |a 611.651:615.832.9  |2 1997 
100 0 |a (jen)  |4 aut  |9 856877 
245 1 0 |a Kryokonzervácia pre zachovanie fertility po chemo- a rádioterapii  |c [spracoval] (jen) 
300 |b Fotogr. 
500 |a Prevzaté: (F. Nawron a spol., Deutsches Ärzteblatt 5/2004, A:268-272) 
650 0 7 |a oocyty  |2 SNK  |9 448032 
650 0 7 |a kryokonzervácia  |2 SNKPH  |9 21418 
773 0 |t Zdravotnícke noviny  |g Roč. X, č. 8 (2005)  |x 1335-4477 
773 0 8 |t Lekárske listy  |g Č. 8 (2005), s. 6-8 
852 |a SNK  |b KIS3GCP 
958 |a MI 
999 |c 1780939  |d 1782869